Les joueurs français cumulant au moins 10 trophées - Statistiques

Statistiques générales
  • Ce quiz a été pris 285 fois
  • Le résultat moyen est 22 sur 39
Statistiques - réponses
Top Nb trophées15 Club "principaux" du joueur Joueur % Correct
1 32 Real Madrid Karim Benzema
99%
10 18 Arsenal Thierry Henry
94%
2 26 Bayern Munich Kingsley Coman
93%
28 12 Real Madrid / Juventus Zinédine Zidane
92%
31 12 Manchester United / Juventus Paul Pogba
90%
3 23 Bayern Munich Franck Ribéry
89%
5 22 PSG / Juventus Adrien Rabiot
80%
22 13 PSG Kylian Mbappé
78%
37 10 Juventus / Nancy / ASSE Michel Platini
78%
14 15 OM / Juventus Didier Deschamps
74%
23 13 Atlético / Bayern Munich Lucas Hernandez
74%
9 19 Arsenal Patrick Vieira
74%
4 22 Bayern Munich Bixente Lizarazu
72%
8 20 Real Madrid Raphaël Varane
71%
33 11 Bayern Munich Benjamin Pavard
70%
6 21 Juventus Blaise Matuidi
68%
19 14 OL / Bayern Munich Corentin Tolisso
66%
32 12 Chelsea / AC Milan Olivier Giroud
66%
7 21 Manchester United / Juventus Patrice Evra
56%
34 11 Marseille Jean-Pierre Papin
55%
39 10 Arsenal / Metz Robert Pirès
55%
20 14 Manchester United Eric Cantona
54%
38 10 Real Madrid / Reims Raymond Kopa
53%
15 15 Real Madrid / Chelsea Claude Makelele
51%
16 15 OL / OM / Newcastle Hatem Ben Arfa
51%
27 12 Chelsea / AC Milan / Nantes Marcel Desailly
51%
12 17 Barcelone Eric Abidal
50%
18 14 PSG Presnel Kimpembe
50%
25 13 Chelsea / Manchester City / Arsenal Nicolas Anelka
45%
11 18 Bayern Munich Willy Sagnol
39%
26 13 Chelsea / OL Florent Malouda
34%
29 12 PSG / Bordeaux Alain Roche
32%
21 14 OL Sidney Govou
32%
13 16 PSG / OL Grégory Coupet
30%
24 13 Arsenal / Bordeaux / OL Sylvain Wiltord
28%
36 11 PSG Layvin Kurzawa
24%
30 12 ASSE Jean-Michel Larqué
13%
17 15 ASSE Hervé Revelli
6%
35 11 ASSE Robert Herbin
4%
Aucun quiz correspondant
Distribution des résultats
% des personnes avec chaque résultat
Percentile par nombre de réponses
Votre historique - résultats
Vous n’avez pas pris ce quiz